|
|
|
|
| LEADER |
00000naa0a2200000 4500 |
| 001 |
595840 |
| 005 |
20250312160154.0 |
| 035 |
|
|
|a (RuTPU)RU\TPU\tpu\17669
|
| 035 |
|
|
|a RU\TPU\tpu\17627
|
| 090 |
|
|
|a 595840
|
| 100 |
|
|
|a 20100618d1995 k||y0rusy50 ba
|
| 101 |
0 |
|
|a eng
|
| 102 |
|
|
|a RU
|
| 200 |
1 |
|
|a Radar remote sensing of radioactive pollution of surface atmospheric layers
|f K. A. Boyarchuk [et al.]
|
| 333 |
|
|
|a В фонде НТБ ТПУ отсутствует
|
| 461 |
|
|
|t Bulletin of the Russian Academy of Sciences. Physics
|
| 463 |
|
|
|t Vol. 59, № 4
|v P. 222-236
|d 1995
|
| 610 |
1 |
|
|a труды учёных ТПУ
|
| 701 |
|
1 |
|a Boyarchuk
|b K. A.
|4 070
|
| 701 |
|
1 |
|a Lyakhov
|b G. A.
|4 070
|
| 701 |
|
1 |
|a Svirko
|b Yu. P.
|4 070
|
| 701 |
|
1 |
|a Suyazov
|b N. V.
|4 070
|
| 701 |
|
1 |
|a Didenko
|b A. N.
|c physicist
|c Professor of Tomsk Polytechnic University (until 1987)
|c adviser of the Russian Academy of Sciences
|c Head of the chair of Moscow physical-engineering Institute (since 1988)
|f 1932-
|g Andrei Nikolaevich
|3 (RuTPU)RU\TPU\pers\31870
|
| 701 |
|
1 |
|a Yushkov
|b Y. G.
|c Russian scientist
|c Professor of Tomsk Polytechnic University
|f 1937-
|g Yuri Georgievich
|3 (RuTPU)RU\TPU\pers\25936
|4 070
|
| 801 |
|
0 |
|a RU
|b 63413507
|c 20011210
|g PSBO
|
| 801 |
|
2 |
|a RU
|b 63413507
|c 20141003
|g PSBO
|
| 942 |
|
|
|c CR
|